[Event "Hampstead U2200 Feb 2013"]
[Site "Hampstead, London"]
[Date "2013.02.16"]
[Round "2"]
[White "Villiers, Thomas"]
[Black "Batkin, Cyril"]
[Result "1-0"]
[WhiteElo "2004"]
[BlackElo "1793"]
[EventType "swiss"]
[EventRounds "5"]

1. c4 Nf6 2. Nc3 c6 3. g3 d5 4. cxd5 cxd5 5. Bg2 e6 6. e3 Bd7 7. Nge2 Bd6 8.
O-O O-O 9. b3 Qe7 10. Bb2 a6 11. d3 Nc6 12. a3 Rac8 13. Na4 Be5 14. d4 Bc7 15.
Nc5 Rb8 16. Nf4 Na7 17. Nfd3 Bb5 18. a4 Bxd3 19. Qxd3 Nd7 20. Rac1 Nc6 21.
Nxa6 bxa6 22. Rxc6 Bd6 23. Rfc1 a5 24. e4 dxe4 25. Bxe4 Nf6 26. Bg2 Nd5 27.
Qf3 Ba3 28. Bxa3 Qxa3 29. Qh5 Qxb3 30. Bxd5 exd5 31. R1c5 Qb1+ 32. Kg2 Qe4+
33. Qf3 Qxd4 34. Rxa5 Qe4 35. Ra7 Ra8 36. Qxe4 dxe4 37. Rcc7 Rxa7 38. Rxa7 g6
39. a5 Kg7 40. a6 Kf6 41. Rb7 Ra8 42. a7 Ke6 43. Kf1 h6 44. Ke2 f5 45. Ke3 g5
46. Kd4 Kd6 47. Rb6+ Kc7 48. Rxh6 Rxa7 49. Rh7+ Kb6 50. Rxa7 Kxa7 51. Ke5 {#r}
1-0

[Event "Hampstead U2200 Feb 2013"]
[Site "Hampstead, London"]
[Date "2013.02.16"]
[Round "2"]
[White "Parry, Jacques"]
[Black "Prior, Stephen"]
[Result "0-1"]
[WhiteElo "1784"]
[BlackElo "2000"]
[EventType "swiss"]
[EventRounds "5"]

1. d4 d5 2. c4 c6 3. Nf3 Nf6 4. e3 a6 5. cxd5 cxd5 6. Qb3 e6 7. Bd3 Bd6 8. Bd2
Nc6 9. O-O O-O 10. Bc3 b5 11. a3 Bb7 12. Nbd2 Na5 13. Qd1 Nc4 14. Nxc4 dxc4
15. Bc2 Ne4 16. Bxe4 Bxe4 17. Ne1 f5 18. f3 Bb7 19. Qe2 Rf6 20. g3 h5 21. e4
fxe4 22. fxe4 Rxf1+ 23. Kxf1 Qf6+ 24. Nf3 Rf8 25. Kg2 Qg6 26. Re1 Rf4 27. Nd2
h4 28. Qe3 hxg3 29. hxg3 Rg4 {#R} 0-1

[Event "Hampstead U2200 Feb 2013"]
[Site "Hampstead, London"]
[Date "2013.02.16"]
[Round "2"]
[White "Botteley, Michael"]
[Black "Hung, Jake"]
[Result "1-0"]
[WhiteElo "1986"]
[BlackElo "1637"]
[EventType "swiss"]
[EventRounds "5"]

1. d4 d5 2. Nf3 c6 3. e3 Bf5 4. Nbd2 Nf6 5. Be2 e6 6. O-O Be7 7. b3 O-O 8. Bb2
Nbd7 9. c4 b6 10. Rc1 c5 11. Ne5 Rc8 12. f4 Ne4 13. g4 Nxd2 14. Qxd2 Be4 15.
Rcd1 f6 16. Nf3 f5 17. g5 h6 18. h4 Kh7 19. Rf2 g6 20. Qc3 Rg8 21. Nd2 Qf8 22.
Nxe4 fxe4 23. Bg4 cxd4 24. exd4 Bb4 25. Qe3 Re8 26. cxd5 Qf7 27. dxe6 Rxe6 28.
f5 Rf6 29. fxg6+ Qxg6 30. Bxd7 Rgf8 31. Rdf1 Rxf2 32. Rxf2 Rxf2 33. Qxf2 Kg8
34. Qf6 Qxf6 35. gxf6 Kf7 36. d5 a5 37. Be6+ Kf8 38. Kg2 Bc5 39. Be5 Ke8 40.
Bf4 h5 41. f7+ $138 {(Time)} {#r} 1-0

[Event "Hampstead U2200 Feb 2013"]
[Site "Hampstead, London"]
[Date "2013.02.16"]
[Round "2"]
[White "Zhou, Yang Jian"]
[Black "Crichton, Martin"]
[Result "0-1"]
[WhiteElo "1619"]
[BlackElo "1962"]
[EventType "swiss"]
[EventRounds "5"]

1. c4 e5 2. g3 c6 3. d4 Bb4+ 4. Bd2 Bxd2+ 5. Qxd2 exd4 6. Qxd4 Nf6 7. Bg2 O-O
8. Nc3 Re8 9. Nf3 d5 10. Rd1 Qa5 11. O-O dxc4 12. Qxc4 Be6 13. Qh4 h6 14. Nd4
Na6 15. Nxe6 Rxe6 16. Rd4 Qg5 17. Qxg5 hxg5 18. Rfd1 Rae8 19. Bh3 R6e7 20. b4
Nc7 21. a4 Ncd5 22. Nxd5 Nxd5 23. e3 Nc3 24. R1d2 Nxa4 25. Rg4 Nc3 26. Rd3 Ne4
27. Bg2 f5 28. Bxe4 fxg4 29. Bf5 Re5 30. Bxg4 Re4 31. Bd7 R8e5 32. Rd4 Rxd4
33. exd4 Rb5 34. d5 Rxb4 35. dxc6 bxc6 36. Bxc6 a5 37. Kf1 a4 38. Ke2 a3 39.
Kd1 Rb2 40. Kc1 Rxf2 41. Kb1 Rxh2 42. g4 Kf7 43. Bd7 Kf6 44. Ka1 Ke5 45. Bf5
Kf4 46. Bc8 Rg2 47. Bf5 Rxg4 48. Bd3 Rg2 49. Bb1 Rf2 50. Bg6 g4 51. Bd3 g3 52.
Bg6 g2 53. Bb1 Rb2 54. Be4 g1=Q+ 55. Bb1 Qxb1# 0-1

[Event "Hampstead U2200 Feb 2013"]
[Site "Hampstead, London"]
[Date "2013.02.16"]
[Round "2"]
[White "Willmoth, Robert"]
[Black "Hudson, Jeremy"]
[Result "1-0"]
[WhiteElo "2151"]
[BlackElo "1594"]
[EventType "swiss"]
[EventRounds "5"]

1. e4 c5 2. Nf3 d6 3. Bb5+ Bd7 4. Bxd7+ Qxd7 5. O-O Nc6 6. c3 e6 7. d4 d5 8.
exd5 Qxd5 9. Qa4 Bd6 10. dxc5 Qxc5 11. b4 Qc4 12. Na3 Qa6 13. Qb3 b5 14. Bd2
Qa4 15. Rfd1 Rd8 16. Bg5 Nf6 17. Qxa4 bxa4 18. Nb5 Bb8 19. Rxd8+ Nxd8 20. c4
O-O 21. a3 Ne4 22. Be3 Nc6 23. Rc1 Rd8 24. Nbd4 Ne7 25. Kf1 e5 26. Nb5 a6 27.
Nc3 Nxc3 28. Rxc3 Rd1+ 29. Ke2 Ra1 30. b5 axb5 31. cxb5 f5 32. Rd3 Kf7 33. Nd2
f4 34. Bc5 Ke6 {#r} 1-0

[Event "Hampstead U2200 Feb 2013"]
[Site "Hampstead, London"]
[Date "2013.02.16"]
[Round "2"]
[White "Ivanov, George"]
[Black "Buyandalai, Tumen"]
[Result "1/2-1/2"]
[WhiteElo "1786"]
[BlackElo "2060"]
[EventType "swiss"]
[EventRounds "5"]

1. e4 d5 2. exd5 Qxd5 3. Nc3 Qd6 4. d4 Nf6 5. h3 a6 6. Nf3 b5 7. a3 Bb7 8. Be2
Nbd7 9. O-O Nb6 10. Be3 Nbd5 11. Nxd5 Nxd5 12. Ne5 e6 13. c4 bxc4 14. Bxc4 Nb6
15. Ba2 Be7 16. Rc1 Bf6 17. Bf4 Qd8 18. Re1 O-O 19. Nxf7 Rxf7 20. Bxe6 Nd5 21.
Bxf7+ Kxf7 22. Qb3 Kf8 23. Qxb7 Nxf4 24. Rxc7 Rb8 25. Qc6 Qxd4 26. Rd7 Qb6 27.
Qc4 Nxh3+ 28. gxh3 Qb3 29. Qxb3 Rxb3 30. Re6 Bxb2 31. Rxa6 Rxa3 32. Rxa3 Bxa3
33. Kg2 Be7 34. Kg3 Ke8 35. Rb7 Kf7 36. Kg4 Ke6 37. f4 Bf6 38. h4 Bd4 39. h5
h6 40. f5+ Kf6 41. Rb4 Bc3 42. Rb6+ Ke5 43. Re6+ Kd5 44. Rg6 Bf6 45. Kf4 Be5+
46. Kf3 Bf6 47. Rg2 Ke5 48. Kg4 Bg5 49. Ra2 Kf6 50. Ra6+ Kf7 51. Kf3 Bc1 52.
Ke4 Bb2 {#d} 1/2-1/2

[Event "Hampstead U2200 Feb 2013"]
[Site "Hampstead, London"]
[Date "2013.02.16"]
[Round "2"]
[White "Shaw, Matthew"]
[Black "Willmoth, Harrison"]
[Result "1-0"]
[WhiteElo "1915"]
[BlackElo "1602"]
[EventType "swiss"]
[EventRounds "5"]

1. e4 e6 2. d4 d5 3. Nd2 c5 4. exd5 Qxd5 5. Ngf3 cxd4 6. Bc4 Qd6 7. O-O Bd7 8.
Ne4 Qc7 9. Bb3 Nc6 10. Nxd4 Nxd4 11. Qxd4 Ne7 12. Nd6+ Kd8 13. Nxf7+ Ke8 14.
Nxh8 Nf5 15. Qe4 Ke7 16. Bg5+ Ke8 17. Bxe6 Bxe6 18. Qxe6+ Ne7 19. Rad1 {#r}
1-0

[Event "Hampstead U2200 Feb 2013"]
[Site "Hampstead, London"]
[Date "2013.02.16"]
[Round "2"]
[White "Levy, Chris"]
[Black "Cohen, Meytal"]
[Result "1-0"]
[WhiteElo "1802"]
[BlackElo "1346"]
[EventType "swiss"]
[EventRounds "5"]

1. Nf3 d5 2. d4 Nf6 3. e3 Bg4 4. b3 e6 5. Bb2 Ne4 6. Be2 Bb4+ 7. c3 Bd6 8.
Nbd2 Nxd2 9. Qxd2 O-O 10. O-O c6 11. c4 Qc7 12. h3 Bf5 13. Rac1 Nd7 14. Bd3
Bxd3 15. Qxd3 Nf6 16. Nd2 Bb4 17. Bc3 Ba3 18. Rcd1 Rfe8 19. c5 h6 20. Nb1 Bxc5
21. dxc5 Ne4 22. Nd2 Nxc5 23. Qd4 Nd7 24. Qxg7# 1-0

[Event "Hampstead U2200 Feb 2013"]
[Site "Hampstead, London"]
[Date "2013.02.16"]
[Round "2"]
[White "Hayward, Alan"]
[Black "Koureas, Panicos"]
[Result "1-0"]
[WhiteElo "1925"]
[BlackElo "1437"]
[EventType "swiss"]
[EventRounds "5"]

1. d4 d6 2. Nc3 Nf6 3. Bg5 c6 4. e4 Nbd7 5. a4 Qa5 6. Qd2 e5 7. Nf3 Be7 8. Bc4
b5 9. Bd3 b4 10. Ne2 Rb8 11. O-O O-O 12. Nh4 h6 13. Nf5 Qd8 14. Nxe7+ Qxe7 15.
Bh4 g5 16. Bg3 Kh7 17. dxe5 Nxe5 18. f4 Nxd3 19. fxg5 Nxe4 20. Qxd3 d5 21.
Bxb8 Qxg5 22. Bf4 Qg6 23. Ng3 f5 24. Nxe4 fxe4 25. Qg3 Qf6 26. Be3 Bf5 27. Rf4
Rg8 28. Qf2 Rg5 29. Rf1 Kg6 30. Rxf5 Qxf5 31. Qxf5+ Rxf5 32. Rxf5 Kxf5 33.
Bxa7 Ke5 34. Bc5 d4 35. a5 {#r} 1-0

[Event "Hampstead U2200 Feb 2013"]
[Site "Hampstead, London"]
[Date "2013.02.16"]
[Round "2"]
[White "Cork, Dave"]
[Black "Cavendish, Joshua"]
[Result "0-1"]
[WhiteElo "1846"]
[BlackElo "1654"]
[EventType "swiss"]
[EventRounds "5"]

1. e4 c6 2. d4 d5 3. Nd2 dxe4 4. Nxe4 Bf5 5. Ng3 Bg6 6. N1e2 h6 7. Nf4 Bh7 8.
Bc4 Nf6 9. Be3 e6 10. Qe2 Nbd7 11. O-O-O Bd6 12. Nfh5 O-O 13. Qd2 Ng4 14. Kb1
Nxe3 15. fxe3 Nf6 16. Qe2 Nxh5 17. Nxh5 Bg6 18. h4 Qa5 19. g4 Bxh5 20. gxh5 e5
21. Rhg1 Be7 22. Qg4 Bf6 23. Rdf1 Qd8 24. Qf5 Bxh4 25. Qg6 Bg5 26. Rxf7 Rxf7
27. Bxf7+ Kh8 28. dxe5 Qc7 29. Bc4 Qxe5 30. Bd3 Kg8 31. Qh7+ Kf7 32. Rf1+ Bf6
33. c3 Rd8 34. Rf5 Qxe3 35. Qg6+ Ke7 36. Rxf6 gxf6 37. Qg7+ Kd6 38. Qxf6+ Kc5
39. Bf5 Qe1+ 40. Kc2 Qd1# 0-1

[Event "Hampstead U2200 Feb 2013"]
[Site "Hampstead, London"]
[Date "2013.02.16"]
[Round "2"]
[White "Sloan, Cecil"]
[Black "Jain, Gautam"]
[Result "1/2-1/2"]
[WhiteElo "1762"]
[BlackElo "1653"]
[EventType "swiss"]
[EventRounds "5"]

1. e4 e5 2. Nf3 Nc6 3. d4 exd4 4. Bc4 Nf6 5. e5 d5 6. exf6 dxc4 7. O-O gxf6 8.
Qe2+ Be6 9. Rd1 Bc5 10. Na3 Qe7 11. Nxc4 O-O-O 12. Bf4 Rhg8 13. Bg3 Rg7 14.
Ncd2 Rdg8 15. Nb3 Bxb3 16. Qxe7 Nxe7 17. cxb3 Nf5 18. Kf1 Nxg3+ 19. hxg3 Rd8
20. Rac1 Bb6 21. Rc4 Rg4 22. Nh4 Rg5 23. Nf3 Rgd5 24. Rd3 c5 25. Rc2 Bc7 26.
Re2 Be5 27. Re4 b5 28. Rh4 Rh8 29. Rh6 c4 30. bxc4 bxc4 31. Rd1 Kb7 32. Nxe5
fxe5 33. Rf6 Rd7 34. Ke2 Rg8 35. Rh1 Rg6 36. Rf5 f6 37. Rfh5 Rgg7 38. Rh6 {#d}
1/2-1/2

[Event "Hampstead U2200 Feb 2013"]
[Site "Hampstead, London"]
[Date "2013.02.16"]
[Round "2"]
[White "Pattni, Kishan"]
[Black "Klingher, Dominic"]
[Result "1-0"]
[WhiteElo "1728"]
[BlackElo "1642"]
[EventType "swiss"]
[EventRounds "5"]

1. c4 e5 2. Nc3 Bc5 3. d3 Nf6 4. e4 c6 5. Nf3 d6 6. Be2 Bg4 7. O-O Bxf3 8.
Bxf3 O-O 9. a3 a5 10. Bg5 Nbd7 11. Qd2 Re8 12. Bg4 Nf8 13. Kh1 Ne6 14. Bxe6
Rxe6 15. f4 h6 16. f5 Re8 17. Bh4 Nxe4 18. Nxe4 Qxh4 19. Rf3 Bd4 20. f6 g5 21.
Nxd6 Re6 22. Nf5 Qh5 23. Rh3 Qg6 24. Nxh6+ Kf8 25. Ng4 Qg8 26. Rf1 Ke8 27. Rf5
e4 28. Rxg5 Qf8 29. Rxa5 Kd7 30. Rxa8 Qxa8 31. dxe4 Rxe4 32. Ne5+ Ke6 33. Nf3
Bxf6 34. Qd3 Rg4 35. Rh5 Qa4 36. c5 Rxg2 37. Qd6# 1-0

[Event "Hampstead U2200 Feb 2013"]
[Site "Hampstead, London"]
[Date "2013.02.16"]
[Round "2"]
[White "Ignatovic, Ernest"]
[Black "Brozel, Sacha"]
[Result "1-0"]
[WhiteElo "1631"]
[BlackElo "1706"]
[EventType "swiss"]
[EventRounds "5"]

1. Nf3 Nf6 2. d4 g6 3. g3 Bg7 4. c4 O-O 5. Bg2 d6 6. O-O Nbd7 7. Nc3 c5 8. e3
Nb6 9. Qe2 Bg4 10. Rd1 Nfd7 11. h3 Bxf3 12. Bxf3 Rb8 13. Ne4 Qc7 14. b3 Nf6
15. Bb2 Nxe4 16. Bxe4 Qc8 17. Kg2 Qe6 18. Qf3 Qd7 19. h4 f5 20. Bc2 Qc7 21.
Rab1 e5 22. h5 Qf7 23. hxg6 Qxg6 24. dxe5 dxe5 25. Rh1 Rbd8 26. Bc1 e4 27. Qf4
Nd7 28. Bd1 Nf6 29. Bb2 Ng4 30. Bxg7 Qxg7 31. Bxg4 fxg4 32. Qxe4 Rd2 33. Rbf1
Qg6 34. Qxg6+ hxg6 35. Rh4 Re8 36. Rxg4 Kf7 37. Re1 Rxa2 38. e4 Rb2 39. Re3
Re5 40. Rh4 Kf6 41. Rh7 Re7 42. Rxe7 Kxe7 43. Kf3 Rd2 44. Re2 Rd3+ 45. Re3 Rd2
46. Rc3 Ke6 47. Ke3 Rd4 48. Rd3 Rxd3+ 49. Kxd3 g5 50. Ke3 a6 51. f4 gxf4+ 52.
gxf4 b5 53. cxb5 axb5 54. e5 Kd5 55. Kd3 Kc6 56. Ke4 Kb6 57. Kd5 c4 58. bxc4
b4 59. Kd4 Kc6 60. f5 Kd7 61. e6+ Kd6 62. c5+ Kc6 63. Kc4 Kc7 64. f6 Kd8 65.
Kxb4 Ke8 66. c6 Kd8 67. e7+ Ke8 68. c7 Kd7 69. c8=Q+ Kxc8 70. e8=Q+ Kc7 71.
Kc5 Kb7 72. Qc6+ Kb8 73. Qd7 Ka8 74. Kb6 Kb8 75. Qb7# 1-0

[Event "Hampstead U2200 Feb 2013"]
[Site "Hampstead, London"]
[Date "2013.02.16"]
[Round "2"]
[White "Ungaro, Fabio"]
[Black "Larios, Rafael"]
[Result "0-1"]
[WhiteElo "1700"]
[BlackElo "1600"]
[EventType "swiss"]
[EventRounds "5"]

1. e4 c5 2. d4 cxd4 3. c3 Nc6 4. cxd4 d5 5. e5 Bf5 6. Nf3 e6 7. a3 Be7 8. Bd3
Bg4 9. Be2 Nh6 10. Bxh6 gxh6 11. Nbd2 Qb6 12. Qb3 Qc7 13. Rc1 O-O 14. Qe3 Kg7
15. b4 a6 16. O-O Qd7 17. Nb3 b6 18. h3 Bxf3 19. Qxf3 f5 20. Qd3 Nd8 21. f4 a5
22. Qc3 axb4 23. axb4 Kh8 24. b5 Ba3 25. Qc7 Qe8 26. Rc6 Qg6 27. Qxb6 Rg8 28.
Bf3 Qg3 29. Rc7 Bb2 30. Rf2 Ra3 31. Rxb2 Qxf3 32. Nc5 {#R} 0-1

[Event "Hampstead U2200 Feb 2013"]
[Site "Hampstead, London"]
[Date "2013.02.16"]
[Round "2"]
[White "Oyama, Haronobu"]
[Black "Denney, Simon"]
[Result "1/2-1/2"]
[WhiteElo "1584"]
[BlackElo "1674"]
[EventType "swiss"]
[EventRounds "5"]

1. e4 e6 2. d4 d5 3. Be3 dxe4 4. Nd2 b6 5. f3 exf3 6. Ngxf3 Bb7 7. c3 Nf6 8.
Qc2 Nbd7 9. Bd3 c5 10. Bg5 Qc7 11. O-O Bd6 12. Rae1 O-O-O 13. Nc4 Rdg8 14.
Nxd6+ Qxd6 15. Qa4 a5 16. Ne5 Nxe5 17. dxe5 Qxd3 18. exf6 gxf6 19. Rd1 Rxg5
20. Rf2 b5 21. Rxd3 bxa4 22. Rh3 Rhg8 23. g3 Rd8 24. Rxf6 Rd1+ 25. Kf2 Rg7 26.
Ke3 Rb1 27. Rf2 Kd7 28. a3 Rd1 29. Rh4 f5 30. Rxa4 Rg4 31. Rxg4 fxg4 32. Rf7+
Kc6 33. Rf2 Rd7 34. Kf4 Rf7+ 35. Ke3 Rxf2 36. Kxf2 Kd5 37. Ke3 Kc4 38. b4 cxb4
39. cxb4 a4 40. Kf4 Bf3 41. Ke5 Kb3 42. Kxe6 Kxa3 43. b5 Kb3 44. Kf5 a3 45. b6
a2 46. b7 Bxb7 47. Kxg4 a1=Q 48. h4 Qe5 49. Kh3 Qf5+ 50. Kh2 Qg4 51. h5 Qf3
52. Kh3 Bc8+ 53. Kh2 Qxh5+ 54. Kg2 Qg4 55. Kf2 h5 56. Ke3 h4 57. gxh4 Qxh4 58.
Kf3 Bb7+ 59. Ke3 Kc3 60. Ke2 Qf4 61. Ke1 {It appears that Black ran out of
time, White had insufficient mating material, and so the game was drawn !!.}
{#d} 1/2-1/2

[Event "Hampstead U2200 Feb 2013"]
[Site "Hampstead, London"]
[Date "2013.02.16"]
[Round "2"]
[White "Ngulube, Michael"]
[Black "Hung, Dylan"]
[Result "1-0"]
[WhiteElo "1666"]
[BlackElo "1490"]
[EventType "swiss"]
[EventRounds "5"]

1. d4 d5 2. c4 c6 3. cxd5 cxd5 4. Nc3 Nf6 5. Nf3 Bf5 6. e3 e6 7. Bd3 Bg4 8. h3
Bxf3 9. Qxf3 Bb4 10. O-O Nc6 11. Ne2 Qd6 12. a3 Ba5 13. b4 Bc7 14. g3 h5 15.
Nf4 h4 16. Bb2 g5 17. Ng6 fxg6 18. Qxf6 Kd7 19. Qxg5 hxg3 20. fxg3 Rxh3 21.
Rf7+ Ne7 22. Bb5+ Kc8 23. Rf8+ Bd8 24. Rc1+ Nc6 25. Rxd8+ Qxd8 26. Qg4 Rh6 27.
Bxc6 bxc6 28. Qxe6+ Qd7 29. Rxc6+ Kd8 30. Rd6 Rh7 31. Rxd7+ Rxd7 32. Qg8+ {#r}
1-0

[Event "Hampstead U2200 Feb 2013"]
[Site "Hampstead, London"]
[Date "2013.02.16"]
[Round "2"]
[White "Herschmann, Heinz"]
[Black "Garland Hoff, Florian"]
[Result "1/2-1/2"]
[WhiteElo "1362"]
[BlackElo "1658"]
[EventType "swiss"]
[EventRounds "5"]

1. e4 e5 2. Nf3 Nc6 3. d3 Nf6 4. Be2 Be7 5. h3 d6 6. Nc3 O-O 7. Bg5 Be6 8. O-O
Qd7 9. a3 Rae8 10. Nh2 Nd4 11. Re1 Nxe2+ 12. Qxe2 Rd8 13. Bxf6 Bxf6 14. Nf3 c6
15. Rad1 Qc7 16. Nh2 Rfe8 17. Ng4 Bxg4 18. hxg4 d5 19. exd5 cxd5 20. Nb1 Qb6
21. b4 Qc7 22. Kf1 Rc8 23. d4 e4 24. Rd2 Qh2 25. Qe3 Qd6 26. f3 Bh4 27. Ree2
h6 28. f4 g5 29. g3 gxf4 30. gxf4 Qg6 31. Qh3 Qf6 32. Kg2 a6 33. Qe3 Qg6 34.
Qh3 Qf6 35. Qe3 Qg6 {#d} 1/2-1/2

[Event "Hampstead U2200 Feb 2013"]
[Site "Hampstead, London"]
[Date "2013.02.16"]
[Round "3"]
[White "Jaunooby, Ali R"]
[Black "Villiers, Thomas"]
[Result "1-0"]
[WhiteElo "2189"]
[BlackElo "2004"]
[EventType "swiss"]
[EventRounds "5"]

1. d4 Nf6 2. c4 g6 3. g3 Bg7 4. Bg2 c6 5. d5 d6 6. Nc3 O-O 7. h3 e5 8. e4 Na6
9. Be3 Bd7 10. Qd2 cxd5 11. cxd5 Qa5 12. a3 Rfc8 13. Nge2 Ne8 14. g4 Qd8 15.
b4 f5 16. gxf5 gxf5 17. exf5 Bxf5 18. Be4 Bxe4 19. Nxe4 Rc4 20. N2g3 Rac8 21.
Qd3 b5 22. Nf5 R8c7 23. Rg1 Qc8 24. Nfxd6 Nxd6 25. Nxd6 e4 26. Qxc4 bxc4 27.
Nxc8 Kf8 28. Rxg7 Rxg7 29. Bh6 Nc7 30. O-O-O Kg8 31. d6 Rd7 32. Rg1+ Kh8 33.
dxc7 Rxc7 34. Bf4 Rxc8 35. Be5# 1-0

[Event "Hampstead U2200 Feb 2013"]
[Site "Hampstead, London"]
[Date "2013.02.16"]
[Round "3"]
[White "Prior, Stephen"]
[Black "Williamson, Roger"]
[Result "1-0"]
[WhiteElo "2000"]
[BlackElo "2152"]
[EventType "swiss"]
[EventRounds "5"]

1. e4 e5 2. Nf3 Nc6 3. Bb5 a6 4. Ba4 Nf6 5. d3 d6 6. h3 g6 7. c4 Bg7 8. O-O
O-O 9. Nc3 Ne7 10. Be3 c6 11. Ne2 b5 12. Bc2 c5 13. Qd2 Ne8 14. Bh6 Bd7 15.
Nh2 f5 16. Bxg7 Nxg7 17. f4 Nc6 18. cxb5 axb5 19. Bb3+ Kh8 20. Bd5 exf4 21.
Nxf4 Rb8 22. Nxg6+ {#r} 1-0

[Event "Hampstead U2200 Feb 2013"]
[Site "Hampstead, London"]
[Date "2013.02.16"]
[Round "3"]
[White "Crichton, Martin"]
[Black "Duncan, Patrick"]
[Result "1/2-1/2"]
[WhiteElo "1962"]
[BlackElo "2078"]
[EventType "swiss"]
[EventRounds "5"]

1. c4 Nf6 2. Nc3 e6 3. g3 c5 4. Bg2 Be7 5. Nf3 d6 6. O-O Nbd7 7. d4 cxd4 8.
Nxd4 a6 9. b3 O-O 10. Bb2 Qc7 11. Rc1 Ne5 12. Re1 Bd7 13. e4 Rac8 14. Qd2 Qb8
15. Qe2 Ng6 16. Rcd1 Rfe8 17. Qd3 Rcd8 18. Ba3 Bc8 19. Qe2 Bf8 20. Nf3 Ne5 21.
Nxe5 dxe5 22. Bxf8 Rxf8 23. Rd3 Rxd3 24. Qxd3 Bd7 25. Bf1 Bc6 26. Rd1 Rc8 27.
f3 Kf8 28. Qd6+ Qxd6 29. Rxd6 Ke7 30. Rd2 a5 31. a3 b6 32. Kf2 g5 33. b4 axb4
34. axb4 Ra8 35. Ra2 Rxa2+ 36. Nxa2 g4 37. Nc3 gxf3 38. Kxf3 Ne8 39. Ke3 Nd6
40. b5 Be8 41. Na4 Nc8 42. g4 f6 43. Bh3 Kd6 44. Bf1 Kc7 45. c5 bxc5 46. Nxc5
Bf7 47. Bc4 Kd6 48. Na4 Kc7 49. Nc5 Kd6 50. Na4 Kc7 {#d} 1/2-1/2

[Event "Hampstead U2200 Feb 2013"]
[Site "Hampstead, London"]
[Date "2013.02.16"]
[Round "3"]
[White "Jyothilal, Narayanan"]
[Black "Botteley, Michael"]
[Result "1-0"]
[WhiteElo "2054"]
[BlackElo "1986"]
[EventType "swiss"]
[EventRounds "5"]

1. d4 Nf6 2. c4 g6 3. Nc3 Bg7 4. e4 d6 5. f3 O-O 6. Be3 Nc6 7. Nge2 a6 8. Qd2
e5 9. d5 Ne7 10. O-O-O Ne8 11. Kb1 f5 12. c5 Bd7 13. Nc1 Nf6 14. Nb3 fxe4 15.
fxe4 Ng4 16. Bg1 Bh6 17. Qe2 Nf6 18. Nd2 Nh5 19. cxd6 cxd6 20. Nc4 Nf4 21. Qc2
Bg4 22. Re1 b5 23. Ne3 Bd7 24. a3 Qa5 25. h4 Rfc8 26. h5 gxh5 27. g3 Nfg6 28.
Rxh5 Bxe3 29. Bxe3 b4 30. axb4 Qxb4 31. Bc1 Rab8 32. Re3 a5 33. Rh2 a4 34. Ka2
Rc7 35. Be2 Rbc8 36. Bd1 Qa5 37. Bd2 Bb5 38. Bg4 Bc4+ 39. Ka1 Bb3 40. Be6+ Kh8
41. Qc1 a3 42. bxa3 Ra8 43. Rf3 Ng8 44. Bf5 Qb4 45. Nb1 Rxc1 46. Bxb4 Bc2 47.
Kb2 Rxb1+ 48. Kxc2 Rxb4 49. Bxg6 h6 50. axb4 Ra2+ 51. Kb3 Rxh2 52. Rf7 {#r}
1-0

[Event "Hampstead U2200 Feb 2013"]
[Site "Hampstead, London"]
[Date "2013.02.16"]
[Round "3"]
[White "Shaw, Matthew"]
[Black "Willmoth, Robert"]
[Result "0-1"]
[WhiteElo "1915"]
[BlackElo "2151"]
[EventType "swiss"]
[EventRounds "5"]

1. e4 e6 2. d4 d5 3. Nd2 c5 4. exd5 Qxd5 5. Ngf3 cxd4 6. Bc4 Qd6 7. O-O Nf6 8.
Re1 Nc6 9. Ne4 Qb4 10. Nxf6+ gxf6 11. b3 Bg7 12. Bb2 Bd7 13. Nxd4 O-O-O 14.
Nb5 Be8 15. Qg4 Rg8 16. Nxa7+ Kb8 17. Nb5 Ne5 18. Bxe5+ fxe5 19. c3 Qc5 20. a4
Bc6 21. b4 Qe7 22. Bf1 f5 23. Qh3 f4 24. Rad1 Rdf8 25. Qd3 Bf6 26. Qd6+ Qxd6
27. Rxd6 Bxg2 28. Bxg2 f3 29. Rd3 fxg2 30. Nd6 Bg5 31. Ne4 Bf4 32. Ng3 Rc8 33.
Kxg2 h5 {Remaining moves illegible, (but 0-1, 40).} {#R} 0-1

[Event "Hampstead U2200 Feb 2013"]
[Site "Hampstead, London"]
[Date "2013.02.16"]
[Round "3"]
[White "Buyandalai, Tumen"]
[Black "Levy, Chris"]
[Result "1-0"]
[WhiteElo "2060"]
[BlackElo "1802"]
[EventType "swiss"]
[EventRounds "5"]

1. e4 c5 2. Nc3 Nc6 3. d3 g6 4. g4 Bg7 5. Bg2 d6 6. h3 e5 7. Nge2 Nge7 8. O-O
Be6 9. Be3 Qd7 10. f4 f5 11. g5 fxe4 12. Nxe4 Nd5 13. Bd2 O-O-O 14. a3 h6 15.
c4 Nxf4 16. Nxf4 exf4 17. Bxf4 Be5 18. Bxe5 dxe5 19. Qf3 Nd4 20. Qe3 b6 21.
Nf6 Nc2 22. Qf3 Qd4+ 23. Kh1 e4 24. Nxe4 Ne3 25. Nf6 Nxg2 26. Qc6+ Kb8 27.
Qxe6 Rd6 28. Qe4 Qxe4 29. Nxe4 Rxd3 30. Kxg2 hxg5 31. Rf3 Rd4 32. Nxg5 Rxc4
33. Re1 Rd8 34. Re2 Kb7 35. Nf7 Rdd4 36. Ne5 Rc1 37. Nxg6 Rdd1 38. Ne5 Rg1+
39. Kf2 Rh1 40. Ng4 Rcf1+ 41. Ke3 Rxf3+ 42. Kxf3 Rxh3+ 43. Ke4 Rb3 44. Ne3 Kc6
45. Nc4 a6 46. Re3 Rxe3+ 47. Nxe3 b5 48. Ke5 b4 49. a4 Kb6 50. Kd6 Ka5 51. b3
c4 {#r} 1-0

[Event "Hampstead U2200 Feb 2013"]
[Site "Hampstead, London"]
[Date "2013.02.16"]
[Round "3"]
[White "Hayward, Alan"]
[Black "Parry, Jacques"]
[Result "1-0"]
[WhiteElo "1925"]
[BlackElo "1784"]
[EventType "swiss"]
[EventRounds "5"]

1. d4 Nf6 2. Nc3 d5 3. Bg5 Nbd7 4. Nf3 g6 5. e3 Bg7 6. Bd3 O-O 7. O-O c6 8.
Re1 Re8 9. e4 dxe4 10. Nxe4 Nxe4 11. Bxe4 Nf6 12. Bd3 Bg4 13. Be2 Qc7 14. Ne5
Bxe2 15. Qxe2 Rad8 16. Rad1 Nd7 17. Nxf7 Kxf7 18. Qe6+ Kf8 19. Bxe7+ Rxe7 20.
Qxe7+ Kg8 21. Re4 Rf8 22. Rde1 Qd8 23. Qb4 Nf6 24. Qb3+ Kh8 25. Re7 b6 26. c3
Nd5 27. Rxa7 Re8 28. Qd1 Re7 29. Raxe7 Nxe7 30. Qe2 Bf6 31. Qe6 Qf8 32. g3 Kg7
33. Qd6 Qf7 34. a4 Nd5 35. Qxc6 Bd8 36. b4 Ne7 37. Qd7 Qf8 38. d5 Kh8 39. d6
Ng8 40. Re8 Qf3 41. Qe6 Kg7 42. Rxg8+ Kh6 43. Rxd8 Qd1+ 44. Kg2 Qxa4 45. Qe4
Qb3 46. Re8 Qf7 47. Re7 Qb3 48. Qh4# 1-0

[Event "Hampstead U2200 Feb 2013"]
[Site "Hampstead, London"]
[Date "2013.02.16"]
[Round "3"]
[White "Cavendish, Joshua"]
[Black "Oyama, Akito"]
[Result "1/2-1/2"]
[WhiteElo "1654"]
[BlackElo "1915"]
[EventType "swiss"]
[EventRounds "5"]

1. f4 d5 2. b3 c5 3. e3 Nc6 4. Bb2 Nf6 5. Bb5 Bd7 6. Nf3 e6 7. O-O Bd6 8. d3
O-O 9. Bxc6 Bxc6 10. Nbd2 b6 11. Ne5 Bb7 12. Rf3 Nd7 13. Rh3 Bxe5 14. fxe5 f5
15. Qh5 h6 16. Qg6 Qe8 17. Rxh6 Qxg6 18. Rxg6 Kf7 19. Rg5 b5 20. Rf1 Kg8 21.
h4 c4 22. d4 b4 23. c3 bxc3 24. Bxc3 cxb3 25. Nxb3 Rfc8 26. Bb4 Ba6 27. Rf2
Bc4 28. Nc5 Nxc5 29. Bxc5 Rcb8 30. g4 Rb1+ 31. Kh2 fxg4 32. Rxg4 Ra1 33. Rfg2
Rxa2 34. Rxg7+ Kh8 35. Rxa2 Bxa2 36. Rxa7 Rxa7 37. Bxa7 Kg7 38. Bc5 Bb1 39.
Kg3 Kg6 40. Be7 Kh5 41. Bg5 Bh7 42. Kf2 Kg4 43. Ke2 Bf5 44. Kd2 Kh5 45. Kc3
Kg6 46. Kb4 Be4 47. Kc5 Bb1 48. Kd6 Bf5 49. Ke7 Kh5 50. Kf6 Bh3 51. Kg7 Bg4
52. Kf6 {#d} 1/2-1/2